|
|
|
|
| LEADER |
01162nam a2200349 a 4500 |
| 001 |
000562165 |
| 003 |
CZ BrMZK |
| 005 |
20091006163303.0 |
| 007 |
ta |
| 008 |
010907s2001 xr e f cze d |
| 015 |
|
|
|a cnb001001228
|
| 020 |
|
|
|a 80-247-0059-X
|
| 035 |
|
|
|a (OCoLC)50343785
|
| 040 |
|
|
|a BOA001
|b cze
|
| 072 |
|
7 |
|a 616
|x Patologie. Klinická medicína
|2 Konspekt
|9 14
|
| 080 |
|
|
|a 616.379-008.64
|2 MRF
|
| 080 |
|
|
|a 616-084
|2 MRF
|
| 080 |
|
|
|a (036)
|2 MRF
|
| 100 |
1 |
|
|a Kubát, Karel,
|c diabetolog
|
| 245 |
1 |
0 |
|a Jak se vyhnout cukrovce /
|c Karel Kubát
|
| 250 |
|
|
|a Vyd. 1.
|
| 260 |
|
|
|a Praha :
|b Grada,
|c 2001
|
| 300 |
|
|
|a 109 s. :
|b il. ;
|c 21 cm
|
| 490 |
1 |
|
|a Zdraví ;
|v sv.20
|
| 650 |
0 |
7 |
|a diabetes mellitus
|7 ph114310
|2 czenas
|
| 650 |
0 |
7 |
|a preventivní lékařství
|7 ph124597
|2 czenas
|
| 655 |
|
7 |
|a informační publikace
|7 fd132454
|2 czenas
|
| 830 |
|
0 |
|a Zdraví (Grada)
|0 s
|
| 910 |
|
|
|a BOA001
|b 2-1085.777
|
| 990 |
|
|
|a BK
|
| 996 |
6 |
|
|b 2610135276
|c 2-1085.777
|l MZK
|r Sklad / do 1 hodiny
|n 0
|p p.v.
|w 000562165
|u 000010
|a 1
|e BOA001
|j MZK50
|s P
|
| 996 |
7 |
|
|b 2610135277
|c 2-1085.777
|l MZK
|r Sklad / do 1 hodiny
|n 27
|p kup
|w 000562165
|u 000020
|a 1
|e BOA001
|j MZK50
|s A
|